00550nam a2200181 a 45000010010000000030011000100080041000210350026000620820017000881000026001052450050001312600032001816500018002139420012002319520090002439980020003339990015003530000-9263ELIB.Books110520 1981  a(ELIB.Books)0000-9415 a227.97 bHes aHesselgrave, David J. aWhat in the World has gotton into the Church? bChicago: Moody Press c1981 aNew Testament 2ddccBK 00102ddc4070aKBTSbKBTSd2011-05-20l0p8190r2022-01-22 00:00:00w2022-01-22yBK cbate2011-05-20 c9263d9263